000 00460pab a2200157 454500
008 180718b2015 xxu||||| |||| 00| 0 eng d
245 _aInternationalisation of higher education in India and its importance in the new education policy
260 _c2015
300 _ap.5-7.
362 _a7 Sep
650 _aEducational policy - India
650 _aHigher education - India
650 _aHigher education
773 _aUniversity News
909 _a109148
999 _c109143
_d109143